000 00558nam a2200181 i 4500
001 36537
003 ES-MaACL
005 20250712063120.0
007 t|
008 030218s1916 xxk ||||1| eng d
100 1 _aBryce, James,
_d1838-1922
_932253
245 1 3 _aLa actitud de la Gran Bretaña en la Guerra actual /
_cViscount Bryce James.
260 _aLondres :
_b[s.n.],
_c1916.
300 _a7 h., 32 p. ;
_c18 cm.
650 4 _aGuerra mundial, 1914-1918-
_zGran Bretaña.
_9141633
852 _aES-MaACL
_j1579-F-4
999 _c36537
_d36537